Una visión macro del sector inmobiliario / (Registro nro. 7922)
[ vista simple ]
| 000 -LEADER | |
|---|---|
| fixed length control field | 01519nam a2200241Ia 4500 |
| 003 - CONTROL NUMBER IDENTIFIER | |
| control field | OSt |
| 005 - DATE AND TIME OF LATEST TRANSACTION | |
| control field | 20210826165946.0 |
| 008 - FIXED-LENGTH DATA ELEMENTS--GENERAL INFORMATION | |
| fixed length control field | 210310s1994 ck ad fr 000 0 spa d |
| 040 ## - CATALOGING SOURCE | |
| Original cataloging agency | CO-JMCR |
| Transcribing agency | CO-JMCR |
| 041 0# - LANGUAGE CODE | |
| Language code of text/sound track or separate title | spa |
| 082 04 - DEWEY DECIMAL CLASSIFICATION NUMBER | |
| Classification number | 333.33 / |
| Item number | L865u |
| Edition number | 23 |
| 100 1# - MAIN ENTRY--PERSONAL NAME | |
| Personal name | Lora, Eduardo, |
| 9 (RLIN) | 15828 |
| Relator term | autor |
| 245 10 - TITLE STATEMENT | |
| Title | Una visión macro del sector inmobiliario / |
| Statement of responsibility, etc. | documento preparado por Eduardo Lora y Doris Polanía |
| 260 ## - PUBLICATION, DISTRIBUTION, ETC. | |
| Place of publication, distribution, etc. | [Bogotá] : |
| Name of publisher, distributor, etc. | Fedesarrollo, |
| Date of publication, distribution, etc. | 1994 |
| 300 ## - PHYSICAL DESCRIPTION | |
| Extent | 89 páginas : |
| Other physical details | ilustraciones y gráficas a blanco y negro ; |
| Dimensions | 27 cm. |
| 500 ## - GENERAL NOTE | |
| General note | Incluye notas a pie de página.<br/>"Un nuevo mundo para el sector inmobiliario. Innovación, proyección y tendencias. Una visión macro del sector inmobiliario"--Tapa |
| 505 0# - FORMATTED CONTENTS NOTE | |
| Formatted contents note | Tendencias y determinantes de la inversión inmobiliaria -- La oferta y la demanda de inmuebles para vivienda por ciudades -- Stock de viviendas y su movilidad -- La demanda de ocupación de vivienda -- Los precios de los arrendamientos -- La rentabilidad de la inversión inmobiliaria -- El gasto en arrendamientos por estratos y ciudades -- La participación del sector de finca raíz en el PIB -- Perspectivas macroeconómicas para 1994-1998 -- Perspectivas del sector inmobiliario -- Apéndice econométrico |
| 650 14 - SUBJECT ADDED ENTRY--TOPICAL TERM | |
| Topical term or geographic name entry element | Negocios en bienes raíces |
| 9 (RLIN) | 15830 |
| General subdivision | Colombia |
| 650 24 - SUBJECT ADDED ENTRY--TOPICAL TERM | |
| Topical term or geographic name entry element | Vivienda |
| Form subdivision | Estadísticas |
| General subdivision | Aspectos económicos |
| Geographic subdivision | Colombia |
| 9 (RLIN) | 39749 |
| 650 24 - SUBJECT ADDED ENTRY--TOPICAL TERM | |
| Topical term or geographic name entry element | Desarrollo urbano |
| General subdivision | Proyecciones |
| 9 (RLIN) | 39750 |
| 700 1# - ADDED ENTRY--PERSONAL NAME | |
| Personal name | Polanía, Doris, |
| Relator term | autor |
| 9 (RLIN) | 39751 |
| 942 ## - ADDED ENTRY ELEMENTS (KOHA) | |
| Source of classification or shelving scheme | Dewey Decimal Classification |
| Koha item type | Books |
| Withdrawn status | Lost status | Source of classification or shelving scheme | Damaged status | Not for loan | Collection code | Home library | Current library | Date acquired | Source of acquisition | Full call number | Barcode | Date last seen | Copy number | Koha item type |
|---|---|---|---|---|---|---|---|---|---|---|---|---|---|---|
| Dewey Decimal Classification | Non-fiction | Biblioteca Pública José María del Castillo y Rada | Biblioteca Pública José María del Castillo y Rada | 04/15/2018 | Donación | 333.33 / L865u | 430003573 | 05/16/2024 | Ej.1 | Books |